000 00907cam a2200277 a 4500
999 _c69696
_d69696
001 1882778
003 NUST - PNEC
005 20170512123310.0
008 830813s1983 enkaf b 001 0 eng
010 _a 83124699
020 _a0233975020 :
_c£10.95
040 _aDLC
_cLIBRARY
_dDLC
043 _af-ua---
050 0 0 _aDT107.85
_b.H39 1983b
082 0 0 _a967.054 HEI
_219
100 1 _aHaykal, Muḥammad Ḥasanayn.
_9423
245 1 0 _aAutumn of fury :
_bthe assassination of Sadat
_cMohamed Heikal.
260 _aLondon :
_bDeutsch,
_cc.1983
300 _axiii, 290 p., [8] p. of plates :
_bill. ;
_c24 cm.
504 _aIncludes bibliographical references and index.
600 1 0 _aSadat, Anwar,
_d1918-1981
_xAssassination.
_9424
650 0 _aAssassination
_zEgypt.
_9425
651 0 _aEgypt
_xPolitics and government
_y1970-1981.
_9426
906 _a7
_bcbc
_corignew
_d2
_encip
_f19
_gy-gencatlg
942 _2ddc
_cBK